000 00685nam a22002537a 4500
005 20230411142401.0
008 230411b ||||| |||| 00| 0 eng d
040 _cAL
041 _aeng
082 _a330/209
_bRAME
100 _aB S Raman
_986186
245 _aElements of economics I PUC
260 _aMangalore
_bUnited Publishers
_c1998
300 _axii,399p.
_bPB
_c21x14cm.
365 _2Economics
650 _aProduction
_986165
650 _aLaws of Returns
_986166
650 _aEconomic Organisation
_986167
650 _aExchange
_986168
650 _aEconomic Planning
_986169
650 _aFirst PUC
_986187
700 _aRAMAN (B S)
_986170
942 _2ddc
_cBK
999 _c227164
_d227164